| 000 | 00521nam a2200145Ia 4500 | ||
|---|---|---|---|
| 008 | 100204s9999 xx 000 0 und d | ||
| 082 | _b24781 | ||
| 100 | _aतांदळे ज्ञानेश्वर | ||
| 245 | _aश्रीशंकर महाराज | ||
| 260 |
_b"अंजली पब्लिशिंग हाऊस, पुणे" _c1985 |
||
| 300 | _a225 | ||
| 630 | _aश्रीशंकर महाराज | ||
| 730 | _aश्रीशंकर महाराज | ||
| 942 | _cBOOK | ||
| 999 |
_c469959 _d469956 |
||